| 000 | 00441nam a2200145Ia 4500 | ||
|---|---|---|---|
| 008 | 180921t1975 xxu||||| ||||o00| 0 eng d | ||
| 041 | _aeng | ||
| 080 | _aThe Laws Of Sri Lanka. Nos.1-50 | ||
| 245 | 4 | _aThe Laws of Sri Lanka 1975 : Births,Deaths And Marriages ( Amendment ) Law,No.41 of 1975 of The National State Assembly | |
| 260 | _c1975 | ||
| 300 | _a23 cm | ||
| 942 | _cBK | ||
| 999 |
_c64077 _d64077 |
||
| 003 | LK-CoDNM | ||
| 040 |
_aLK-CoDNM _dLK-CoDNM _eLK-CoDNM |
||